000
00465nam a2200169Ia 4500
008
090124s9999 xx 000 0 und d
082
_b
19643
100
_a
आपटे हरि नारायण
245
_a
उष:काल
250
_a
0
300
_a
472
600
_a
आपटे हरि नारायण
630
_a
उष:काल
700
_a
आपटे हरि नारायण
730
_a
उष:काल
942
_c
BOOK
999
_c
90537
_d
90537